Mimoprávne problémy právneho štátu

Bibliographic Details
Main Author: Kanárik, Imrich, 1948- (Author)
Format: Article
Language:Slovak
Subjects:

MARC

LEADER 00000nab a2200000 a 4500
001 vtls000523233
003 SK-MaSNL
005 20260304090224.0
008 250425c1994 xo 0 slo
015 |a SNBRB19rr/mm-uuuuu 
035 |a CL0523371 
035 |a urn:nbn:sk:snk-ab291l 
035 |a (urnnbn)urn:nbn:sk:snk:ar-a01z01 
035 |a (uuid)6b522459-c5e4-453e-84b4-b62cc8abb6ce 
040 |a SNKBUCL  |b slo  |c SNKBUCL  |e AACR2 
041 0 |a slo 
044 |a xo  |c SK 
080 |a 342  |2 1981 
100 1 |a Kanárik, Imrich,  |d 1948-  |4 aut  |9 111681 
245 1 0 |a Mimoprávne problémy právneho štátu  |c Imrich Kanárik 
650 0 7 |a právny štát  |2 snkbucl  |9 4416 
650 0 7 |a štát a právo  |2 snkbucl  |9 78088 
655 7 |a články z novín a časopisov  |2 snkbucl  |9 267496 
773 0 |t Právny obzor  |g Roč. 77, č. 3 (1994), s. 303-311 
850 |a Slovenská národná knižnica 
852 |a Slovenská národná knižnica 
954 |a odborná, vedecká literatúra pôvodná (slovenská)  |2 lita 
958 |a article27 
958 |a RK 
958 |a OND 
958 |a EUIPO 
992 |a RBX 
999 |c 2810767  |d 2812697